000 00290nam a22001217a 4500
008 180919b xxu||||| |||| 00| 0 eng d
041 _aeng
080 _a610
100 _a4
101 _aSHM
245 _aPractising Rehabilitation with Geriatric Clients
_cFrengley, J,D
942 _2udc
_cBK
999 _c48075
_d48075